[Event "21st Alekhine Master 2017"]
[Site "Voronezh"]
[Date "2017.06.14"]
[Round "3"]
[White "Grachev, Boris"]
[Black "Paravyan, David"]
[Result "1/2-1/2"]
[WhiteElo "2648"]
[BlackElo "2521"]
[Annotator "TA"]
[PlyCount "102"]
[EventDate "2017.??.??"]
[EventType "swiss"]
[EventCountry "RUS"]
[SourceTitle "playchess.com"]
[Source "ChessBase"]
[SourceQuality "1"]

{[%evp 25,102,5,18,0,0,-2,-1,-13,-7,-12,6,7,8,0,0,0,0,0,10,0,0,0,0,0,12,10,20,31,20,24,43,45,72,0,0,0,0,0,0,0,19,20,49,0,0,0,0,0,0,0,0,0,0,0,0,0,0,0,0,0,0,0,0,0,0,0,0,0,0,0,0,0,0,0,0,0,0,0,0]} 1. d4 Nf6 2. Nf3 g6 3. Nbd2 c5 4. dxc5 Qa5 5. a3 Qxc5 6. b4 Qc7 7. Bb2 Bg7 8. e3 O-O 9. c4 b6 10. Be2 Bb7 11. O-O d6 12. Qb3 Nbd7 {A48: 1 d4 Nf6 2 Nf3 g6: Torre, London and Colle Systems} 13. Rfc1 (13. Bc3 Rac8 14. Rfc1 Rfd8 15. Qb2 e5 16. a4 Re8 17. Qa3 a5 18. Rab1 Bc6 19. bxa5 bxa5 20. c5 dxc5 {½-½ (60) Mons,L (2461)-Saric,I (2666) Germany 2017}) 13... Rac8 {LiveBook: 11 Games} 14. h3 Qb8 15. Ne1 $146 ({Predecessor:} 15. Bc3 d5 16. a4 e6 17. Qb2 dxc4 18. Ne5 Nxe5 19. Bxe5 Nh5 20. Bxg7 Nxg7 21. Nxc4 {1-0 (64) Moskalenko,A (2442)-Badmatsyrenov,O (2473) Moscow 2016}) 15... Rc7 16. Bf3 Rfc8 17. Rc2 d5 18. Rac1 dxc4 19. Rxc4 Rxc4 20. Rxc4 Bxf3 21. Nexf3 (21. Ndxf3 {is more complex.} Qb7 22. a4 Ne4 23. Bxg7 Kxg7 24. Nd3) 21... b5 22. Rxc8+ Qxc8 23. Qd3 a6 24. Nb3 e6 25. Nc5 Nxc5 26. bxc5 Qd7 27. Qc2 {aiming for c6.} Nd5 28. Bxg7 Kxg7 29. Ne5 (29. e4 $16 Ne7 30. Qc3+ f6 31. e5) 29... Qc7 $11 30. Nd3 Qa5 31. Nb4 {Threatens to win with c6.} Qxa3 32. Nxd5 Qa1+ 33. Kh2 {[#] And now c6 would win.} exd5 {[%mdl 4096] Endgame KQ-KQ} 34. c6 Qe5+ {The position is equal.} 35. f4 Qc7 36. Qc5 Kf6 37. Qxd5 Ke7 38. Qc5+ $1 Ke8 39. Qd5 Ke7 40. Qc5+ $1 Ke8 41. Kg3 b4 42. Qc4 a5 43. Qc5 b3 44. Qb5 b2 45. Qxb2 {Hoping for Qb5.} Qxc6 46. Qb8+ Kd7 47. Qa7+ Qc7 48. Qd4+ Ke7 49. h4 h5 50. e4 Qd6 (50... Qc8 $5 {[%cal Rc8g4]}) 51. Qa7+ Kf8 {Precision: White = 72%, Black = 78%.} (51... Qd7 $5 {[%cal Rd7a7]} 52. Qc5+ Ke8 $11) 1/2-1/2

[Event "21st Alekhine Master 2017"]
[Site "Voronezh"]
[Date "2017.06.14"]
[Round "3"]
[White "Savchenko, Boris"]
[Black "Gabrielian, Artur"]
[Result "1-0"]
[WhiteElo "2639"]
[BlackElo "2506"]
[Annotator "TA"]
[PlyCount "47"]
[EventDate "2017.??.??"]
[EventType "swiss"]
[EventCountry "RUS"]
[SourceTitle "playchess.com"]
[Source "ChessBase"]
[SourceQuality "1"]

{[%evp 24,47,25,7,44,27,58,45,199,193,197,204,272,280,697,697,659,643,865,737,934,912,1375,867,1362,1358]} 1. d4 Nf6 2. c4 c5 3. d5 e6 4. Nc3 exd5 5. cxd5 d6 6. e4 g6 7. Bd3 Bg7 8. h3 O-O 9. Nf3 b5 10. Nxb5 Re8 11. Nd2 {[%cal Bf3d2,Bd2c4,Bc4d6,Bd6c8,Bc8b6,Bb6a8,Ba8c7][%mdl 32]} Nxd5 12. Nc4 {A70: Modern Benoni: 6 e4 g6 7 Nf3} Nb4 13. Be2 {LiveBook: 4 Games} (13. O-O Ba6 14. Ncxd6 Nxd3 15. Qxd3 Re6 16. Qd5 Nc6 17. Bg5 Qd7 18. f4 Rb8 19. Rfd1 Nd4 {½-½ (66) Dreev,A (2677)-Belozerov,A (2506) Vladivostok 2012}) 13... Rxe4 {And now ...N8c6 would win.} 14. Ncxd6 {White is slightly better.} Rxe2+ 15. Qxe2 {[#] aiming for Bg5.} a6 $146 (15... Be6 $14) ({Predecessor:} 15... Ba6 16. Bg5 Bxb5 17. Bxd8 Bxe2 18. Kxe2 N8c6 19. Bg5 Nd4+ {½-½ (31) Lazarev,V (2410)-Cebalo,M (2515) Cannes 1995}) 16. Bg5 $1 $18 {[%cal Rg5d8]} Qd7 {[#]} 17. Rd1 $1 axb5 18. Nxc8 Bd4 $2 (18... Qxc8 19. Rd8+ Qxd8 20. Bxd8 N8c6) 19. Nb6 $1 {[%csl LRa8,LRd7] White is clearly winning.} Qc6 {With the idea ...Ra6.} 20. Nxa8 Qxg2 {[#]} 21. Rxd4 $1 Qxg5 (21... cxd4 22. Qe8+) 22. h4 Qf5 23. Rd8+ Kg7 24. Nc7 1-0

[Event "21st Alekhine Master 2017"]
[Site "Voronezh"]
[Date "2017.06.14"]
[Round "3"]
[White "Ponkratov, Pavel"]
[Black "Peskov, Alexsey"]
[Result "1-0"]
[WhiteElo "2595"]
[BlackElo "2394"]
[Annotator "TA"]
[PlyCount "43"]
[EventDate "2017.??.??"]
[EventType "swiss"]
[EventCountry "RUS"]
[SourceTitle "playchess.com"]
[Source "ChessBase"]
[SourceQuality "1"]

{[%evp 10,43,35,29,21,35,44,44,37,43,46,60,56,47,71,74,115,110,109,104,105,107,131,125,166,169,176,167,168,167,193,201,389,337,327,334]} 1. c4 e6 2. g3 d5 {[%cal Bd7d5,Bd5d4][%mdl 32]} 3. Bg2 d4 4. Nf3 Nc6 5. O-O Nf6 6. d3 Be7 {A13: English Opening: 1...e6} 7. e3 e5 8. exd4 exd4 {White is slightly better.} 9. Na3 O-O 10. Nc2 a5 11. b3 Bc5 12. a3 Ra6 $146 ({Predecessor:} 12... Bf5 13. Rb1 Qd7 14. b4 axb4 15. axb4 {½-½ (32) Hardicsay,P (2328)-Horvath,P (2465) Balatonlelle 2007}) 13. Rb1 Rb6 14. Bd2 {Threatens to win with b4.} Qd6 15. Bf4 Qd7 16. Re1 Rd8 17. Qd2 Nh5 18. Ne5 Nxe5 19. Bxe5 a4 20. b4 {[%cal Bb3b4,Bb4c5][%mdl 32]} f6 $2 {[#]} (20... Bf8 21. c5 (21. Bxd4 Rd6 $18) (21. Nxd4 c5 $18) 21... Rg6) 21. Bxc7 ({Less strong is} 21. bxc5 Rxb1 22. Rxb1 fxe5 $16) 21... Qxc7 22. bxc5 {Precision: White = 89%, Black = 45%.} 1-0

[Event "21st Alekhine Master 2017"]
[Site "Voronezh"]
[Date "2017.06.14"]
[Round "3"]
[White "Kryakvin, Dmitry"]
[Black "Golubov, Saveliy"]
[Result "1-0"]
[WhiteElo "2572"]
[BlackElo "2504"]
[Annotator "TA"]
[PlyCount "53"]
[EventDate "2017.??.??"]
[EventType "swiss"]
[EventCountry "RUS"]
[SourceTitle "playchess.com"]
[Source "ChessBase"]
[SourceQuality "1"]

{[%evp 15,53,19,18,-12,-3,-11,40,25,25,20,41,36,58,67,57,26,49,52,20,18,22,16,104,101,95,98,157,138,283,305,296,302,286,251,317,272,273,268,464,456]} 1. c4 Nf6 2. g3 e5 3. Bg2 d5 4. cxd5 Nxd5 5. Nf3 Nc6 6. O-O Nb6 7. b3 {A20: English Opening: 1...e5} (7. Nc3 Be7 8. a3 O-O 9. b4 Re8 10. e3 a6 11. Qc2 Bg4 12. Ne4 f5 13. Nc5 e4 14. Ne1 Be2 15. d3 Bxf1 16. Kxf1 Bxc5 17. bxc5 Nd7 18. dxe4 fxe4 19. Bxe4 {½-½ (52) Ding,L (2773)-Vachier Lagrave,M (2795) Moscow 2017}) 7... Be7 8. Bb2 f6 {LiveBook: 53 Games} 9. Qc1 {The position is equal.} O-O 10. Rd1 Bg4 (10... e4 $11 11. Ne1 Bg4) 11. d4 $146 {[%cal Rd4e5]} ({Predecessor:} 11. h3 Bh5 12. g4 Bf7 13. d4 exd4 14. Nxd4 Nxd4 15. Rxd4 {0-1 (24) Barillaro,L (2164)-Sachdev,T (2429) Reykjavik 2017}) 11... e4 {[#]} 12. d5 $1 {[%cal Rd5c6][%mdl 512]} Nxd5 13. Ne1 {Strongly threatening Qc4.} Ne5 ({Don't play} 13... Bxe2 $6 14. Rd2 $16) 14. Bxe4 c6 15. Qc2 Qe8 $1 16. Bxe5 fxe5 17. Bxh7+ Kh8 {Threatens to win with ...Rxf2!} 18. Bg6 Qd8 {[#]} (18... Qc8 $1 $11 {remains equal.}) 19. Nf3 $1 $16 {[%mdl 512]} Bxf3 20. exf3 Rxf3 (20... Bb4 $142) 21. Qe2 $36 {[%mdl 2048] Black is under strong pressure.} e4 (21... Qd6 $16) 22. Bxe4 $18 Rf6 {[#]} 23. Nc3 $1 {[%mdl 512]} Re6 (23... Nxc3 24. Rxd8+) 24. Qg4 Rh6 25. Bxd5 cxd5 26. Nxd5 Bc5 $2 (26... Ba3 27. h4 Qc8) 27. Rac1 {Precision: White = 70%, Black = 39%.} 1-0

[Event "21st Alekhine Master 2017"]
[Site "Voronezh"]
[Date "2017.06.14"]
[Round "3"]
[White "Kryakvin, Dmitry"]
[Black "Golubov, Saveliy"]
[Result "*"]
[WhiteElo "2572"]
[BlackElo "2504"]
[Annotator "TA"]
[PlyCount "28"]
[EventDate "2017.??.??"]
[EventType "swiss"]
[EventCountry "RUS"]
[SourceTitle "playchess.com"]
[Source "ChessBase"]
[SourceQuality "1"]

{[%evp 11,13,14,16,11]} 1. c4 Nf6 2. g3 e5 3. Bg2 d5 4. cxd5 Nxd5 5. Nf3 Nc6 6. O-O Nb6 7. b3 {A20: English Opening: 1...e5} {Predecessor:} Bd6 $146 8. Bb2 O-O 9. Nc3 Re8 10. Ne4 Bf8 11. d3 f5 12. Ned2 e4 13. Ne1 e3 14. fxe3 Rxe3 {½-½ (28) Adams,M (2751)-Vachier Lagrave,M (2796) Sharjah 2017} *

[Event "21st Alekhine Master 2017"]
[Site "Voronezh"]
[Date "2017.06.14"]
[Round "3"]
[White "Timofeev, Artyom"]
[Black "Praggnanandhaa R"]
[Result "1/2-1/2"]
[WhiteElo "2561"]
[BlackElo "2467"]
[Annotator "TA"]
[PlyCount "71"]
[EventDate "2017.??.??"]
[EventType "swiss"]
[EventCountry "RUS"]
[SourceTitle "playchess.com"]
[Source "ChessBase"]
[SourceQuality "1"]

{[%evp 28,71,0,0,7,0,1,-2,-7,-6,-6,-6,-6,-10,-8,-6,-6,-2,-2,-12,0,-14,-6,-25,-8,-26,0,-10,0,0,0,0,0,0,11,0,0,0,16,11,16,18,28,11,23,0]} 1. d4 Nf6 2. c4 e6 3. Nc3 Bb4 4. e3 O-O 5. Nf3 d5 6. Bd3 c5 7. O-O cxd4 8. exd4 dxc4 9. Bxc4 b6 10. Qe2 Bb7 11. Rd1 Bxc3 12. bxc3 Qc7 {E54: Nimzo-Indian: Rubinstein: Main Line: 7...dxc4 8 Bxc4} 13. Bd3 Qxc3 14. Bb2 Qb4 15. d5 {LiveBook: 4 Games} Nbd7 $1 {[#]} 16. dxe6 $146 ({Predecessor:} 16. Ne5 Bxd5 17. Nxd7 Nxd7 18. Bxh7+ Kxh7 19. Qh5+ Kg8 20. Bxg7 Kxg7 {½-½ (36) Timofeev,A (2641)-Smirnov,P (2592) Samara 2012}) 16... Bxf3 $1 17. Qxf3 Qxb2 18. exd7 Nxd7 19. Bxh7+ Kxh7 20. Qh3+ Kg8 21. Qxd7 Rfe8 22. a4 Re2 23. Rac1 g6 24. Rf1 Rae8 (24... Rd2 $5 {[%cal Rd2d7]} 25. Qb7 Rad8 $11) 25. h3 (25. g3 {looks sharper.} Qd2 26. Qc6 Kg7 27. Rfd1 Qb2 28. Qf3) 25... R2e7 (25... R8e7 $5 {[%cal Re7d7]} 26. Rc8+ Kg7 $11) 26. Qc6 (26. Qb5 $5 {[%cal Rb5b2]} Qf6 27. Qa6 $15) 26... Qd2 27. g3 (27. Rfd1 $5 {[%cal Rd1d2]} Re1+ 28. Rxe1 Rxe1+ 29. Rxe1 Qxe1+ 30. Kh2 $11) 27... Qd7 28. Kg2 Qxc6+ (28... Rd8 {is interesting.} 29. Qxd7 Rexd7 30. Rc4 Rd4 31. Rfc1 Kg7) 29. Rxc6 $11 {[%mdl 4096] Endgame KRR-KRR} Rd8 (29... Re6 $5 {[%cal Re6c6]} 30. Rc7 R8e7 $11) 30. a5 bxa5 31. Ra6 Rd5 32. Ra1 Kg7 33. R1xa5 Rxa5 34. Rxa5 Rb7 35. Ra6 Rc7 36. Ra5 {Precision: White = 49%, Black = 45%.} 1/2-1/2

[Event "21st Alekhine Master 2017"]
[Site "Voronezh"]
[Date "2017.06.14"]
[Round "3"]
[White "Pridorozhni, Aleksei"]
[Black "Zhileykin, Andrey"]
[Result "1-0"]
[WhiteElo "2540"]
[BlackElo "2225"]
[Annotator "TA"]
[PlyCount "38"]
[EventDate "2017.??.??"]
[EventType "swiss"]
[EventCountry "RUS"]
[SourceTitle "playchess.com"]
[Source "ChessBase"]
[SourceQuality "1"]

{[%evp 27,38,25,29,31,14,33,12,33,43,22,27,6,4]} 1. c4 e6 2. g3 Nf6 3. Bg2 d5 4. Nf3 Be7 5. O-O O-O 6. d4 dxc4 7. Ne5 c5 8. dxc5 Qc7 9. Nxc4 Qxc5 10. b3 Rd8 {E05: Open Catalan: 5 Nf3 Be7} 11. Nbd2 Qc7 (11... Nc6 12. Bb2 Qb5 13. e3 Bd7 14. a4 Qa6 15. g4 Be8 16. g5 Nd7 17. Qg4 Nde5 18. Nxe5 Nxe5 19. Bxe5 Rxd2 {½-½ (31) Matlakov,M (2701)-Blomqvist,E (2574) Caleta 2017}) 12. Bb2 Nc6 13. Rc1 Bd7 14. Ne5 Qa5 {LiveBook: 3 Games} 15. Nd3 Rac8 16. a3 Be8 17. b4 {[#]} Qa6 $146 ({Predecessor:} 17... Qh5 18. Qe1 {1-0 (74) Lorparizangeneh,S (2519)-Blomqvist,E (2573) Moscow 2017}) 18. Qb3 {[#] Threatens to win with b5.} b5 19. e3 Qa4 {[%mdl 32768] Loss on Time!?} 1-0

[Event "21st Alekhine Master 2017"]
[Site "Voronezh"]
[Date "2017.06.14"]
[Round "3"]
[White "Shyam, Sundar M"]
[Black "Tunik, Gennady"]
[Result "1/2-1/2"]
[WhiteElo "2535"]
[BlackElo "2384"]
[Annotator "TA"]
[PlyCount "107"]
[EventDate "2017.??.??"]
[EventType "swiss"]
[EventCountry "RUS"]
[SourceTitle "playchess.com"]
[Source "ChessBase"]
[SourceQuality "1"]

{[%evp 13,107,52,51,49,49,29,49,22,33,43,35,14,20,8,36,27,16,20,64,63,107,88,88,83,93,62,79,72,60,54,90,115,95,113,107,23,48,10,15,-34,-39,-50,0,0,0,0,152,184,189,181,262,247,255,233,247,270,289,289,279,277,244,55,52,51,61,63,49,27,30,32,23,29,110,122,199,198,207,4,7,5,10,2,2,0,0,0,9,0,9,0,8,4,8,0,0,0]} 1. e4 c5 2. Nf3 e6 3. d4 cxd4 4. Nxd4 a6 5. Bd3 Bc5 6. Nb3 Be7 7. O-O d6 8. Be3 {B42: Sicilian: Kan Variation: 5 Bd3} (8. Qg4 g6 9. Qe2 Nd7 10. Nc3 Qc7 11. Be3 b6 12. a4 h5 13. f4 Ngf6 14. Bd4 O-O 15. f5 Ne5 16. fxg6 fxg6 17. h3 Nfd7 18. Rxf8+ Bxf8 19. Qe3 Bb7 20. Ne2 Re8 21. Nf4 Qd8 22. Nxg6 {1-0 (22) Nakamura,H (2789)-Markus,R (2662) Baku 2016}) 8... Nf6 9. a4 O-O 10. N1d2 {White is slightly better.} Nbd7 11. a5 $146 ({Predecessor:} 11. c4 Ne5 12. Be2 Ng6 13. a5 e5 14. Nc1 Bd7 15. g3 Bh3 {1-0 (41) Kholmov,R (2422)-Rogovski,V (2503) Dnipropetrovsk 2005}) 11... d5 12. Qe2 Qc7 13. c4 $36 {[%mdl 2048] White has the initiative.} dxe4 14. Nxe4 Nxe4 15. Bxe4 Ne5 16. Rac1 (16. Qh5 f5 $17) 16... f5 {Threatens to win with ...Ng4.} 17. Bb6 Qb8 18. Bb1 Ng6 19. g3 e5 20. Rcd1 Be6 21. Nd4 {[%cal Bb3d4,Bd4b5,Bb5c7][%mdl 32]} Bd7 22. Nb5 $1 Qc8 23. Nc7 Rb8 {[#]} 24. c5 (24. b4 $1 $16 {[%mdl 512]}) 24... Kh8 $1 $11 25. Ba2 {c6! is the strong threat.} (25. Qd2 $5 {[%cal Rd2d7]} Ba4 26. Bc2 Bxc2 27. Qxc2 $14) 25... f4 $1 26. c6 Bh3 ({But not} 26... Bxc6 $2 27. Be6 $18) 27. Rfe1 fxg3 28. hxg3 Bg4 29. Qd3 Rd8 $2 (29... bxc6 $11 30. Rc1 Rf6) 30. Nd5 $16 bxc6 31. Bxd8 Bxd8 (31... cxd5 {was worth a try.} 32. Bxe7 Bxd1) 32. Nb6 $1 $18 {[%cal Rb6c8]} Bxb6 33. axb6 Bxd1 34. Rxd1 Nf8 35. Qe3 Qg4 36. Rd6 Qa4 {[#]} 37. Qa3 $2 (37. Bb1 $1 $18) 37... Qxa3 $1 $14 38. bxa3 {[%mdl 4096] Endgame KRB-KRN} g6 39. Rxc6 {aiming for Bd5.} Nd7 40. b7 Rxb7 41. Rxa6 Kg7 42. a4 {[%cal Ba3a4,Ba4a5][%mdl 32]} Nf6 (42... Nc5 $11 {remains equal.} 43. Ra5 Rc7) 43. a5 $16 Rb2 (43... Rc7 $16 {is a better defense.}) 44. Bc4 $18 Ne4 45. Rc6 $2 (45. Ra7+ $18 Kf6 46. Rf7+ (46. Rxh7 Nd2 $16) 46... Kg5 47. a6 (47. Rxh7 Nd2 $16) 47... Rb1+ 48. Kg2) 45... Nd2 $1 $11 {The position is equal.} 46. Rc7+ Kf6 47. Be2 {Strongly threatening a6.} Nb3 48. Bd3 {Black must now prevent Rc6+.} Nxa5 49. Rxh7 Rb6 50. Kg2 Nb3 51. Bc4 Nd4 52. Rf7+ Kg5 53. Rd7 (53. Re7 $5 {[%cal Re7e5]}) 53... Nf5 54. Rd5 {Precision: White = 40%, Black = 53%.} 1/2-1/2

[Event "21st Alekhine Master 2017"]
[Site "Voronezh"]
[Date "2017.06.14"]
[Round "3"]
[White "Maiorov, Nikita"]
[Black "Popov, Ivan"]
[Result "1/2-1/2"]
[WhiteElo "2521"]
[BlackElo "2619"]
[Annotator "TA"]
[PlyCount "90"]
[EventDate "2017.??.??"]
[EventType "swiss"]
[EventCountry "RUS"]
[SourceTitle "playchess.com"]
[Source "ChessBase"]
[SourceQuality "1"]

{[%evp 9,90,8,24,3,-7,-25,12,-32,-40,-38,-29,-31,-35,-24,-24,-45,-27,-35,-20,-30,-30,-52,-52,-54,-46,-50,-20,-33,0,-4,23,16,26,16,39,39,29,24,38,0,20,16,22,14,70,70,72,64,99,100,71,76,104,102,104,98,99,93,75,8,8,8,8,8,8,0,0,0,0,0,0,0,0,0,0,0,0,0,0,0,0,0,0]} 1. d4 d5 {[%cal Bd7d5,Bd5c4][%mdl 32]} 2. c4 c6 3. Nc3 dxc4 4. e3 b5 {[%cal Bb7b5,Bb5b4][%mdl 32]} 5. a4 b4 $1 {[%cal Rb4c3]} 6. Nb1 {D10: Slav Defence: 3 cxd5 (without early Nf3) and 3 Nc3} Ba6 7. Qc2 e6 8. Bxc4 Bxc4 9. Qxc4 Qd5 10. Qxd5 cxd5 11. Nd2 Nf6 12. Nb3 Nbd7 {[%cal Bb8d7,Bd7b6,Bb6c4][%mdl 32]} 13. Ne2 {[#]} Bd6 $146 ({Predecessor:} 13... a5) 14. Bd2 a5 15. Nec1 Nb6 16. Nd3 Nc4 17. Ke2 Ke7 18. h3 Ne4 19. Rhc1 f5 20. Be1 g5 21. f3 Nf6 22. Nbc5 Ra7 23. b3 Nb6 $1 24. Ra2 (24. h4 $5 {[%cal Rh4g5]}) 24... Rc8 25. Rac2 Nbd7 26. g4 h6 (26... Rac7 $11) 27. Nxd7 $14 Rxc2+ 28. Rxc2 Kxd7 29. Ne5+ Bxe5 30. dxe5 $16 {[%mdl 4096] Endgame KRB-KRN} Ng8 31. gxf5 exf5 32. h4 Ne7 33. hxg5 hxg5 34. Kd3 ({White should play} 34. Rc5 $16) 34... g4 $11 {The position is equal.} 35. fxg4 fxg4 36. e4 Ke6 37. Bg3 Rd7 38. Rf2 {[%csl Ge5][%cal Rf2f6] [#]} dxe4+ 39. Kxe4 {[%csl Ge5][%cal Rf2f6]} Nd5 40. Rh2 Nc3+ 41. Kf4 Rd4+ 42. Ke3 Kd5 43. Rh8 {[#] And now Rd8+ would win.} Nd1+ 44. Ke2 {Hoping for Rd8+.} Nc3+ 45. Ke3 {aiming for Rd8+.} Nd1+ {Precision: White = 56%, Black = 58%.} 1/2-1/2

[Event "21st Alekhine Master 2017"]
[Site "Voronezh"]
[Date "2017.06.14"]
[Round "3"]
[White "Tsydypov, Zhamsaran"]
[Black "Chigaev, Maksim"]
[Result "0-1"]
[WhiteElo "2511"]
[BlackElo "2561"]
[Annotator "TA"]
[PlyCount "39"]
[EventDate "2017.??.??"]
[EventType "swiss"]
[EventCountry "RUS"]
[SourceTitle "playchess.com"]
[Source "ChessBase"]
[SourceQuality "1"]

{[%evp 12,39,50,17,29,29,44,14,16,27,10,23,8,0,45,58,66,51,69,23,59,47,57,-86,85,78,90,91,77,73]} 1. e4 c5 2. Nf3 e6 3. d4 cxd4 4. Nxd4 Nc6 5. Nc3 Qc7 6. Be3 a6 7. Qd2 Be7 {B48: Sicilian: Taimanov: 5 Nc3 Qc7 6 Be3 a6 without Be2} 8. O-O-O Nf6 9. f3 b5 {The position is equal.} 10. g4 Nxd4 11. Bxd4 Bb7 12. g5 b4 $146 ({Predecessor:} 12... Nh5 13. Ne2 Rc8 14. Rg1 O-O 15. Bh3 f5 16. gxf6 Bxf6 17. Bxf6 Nxf6 {½-½ (49) Dominguez Perez,L (2755)-Giri,A (2758) Bilbao 2014}) 13. gxf6 bxc3 14. Bxc3 Bxf6 15. Ba5 Qc6 16. Bb4 d5 17. Qf4 (17. Kb1 $14 {stays ahead.}) 17... Rc8 $2 {[#]} (17... dxe4 $17 {keeps the pressure on. ...Qa4 is the strong threat.} 18. fxe4 Qxe4 19. Qxe4 Bxe4) 18. Bd3 $16 {White is better.} Qa4 19. Ba3 Bc6 20. Rhe1 {[%mdl 32768] Precision: White = 71%, Black = 55%. . Loss on Time!?} 0-1

[Event "21st Alekhine Master 2017"]
[Site "Voronezh"]
[Date "2017.06.14"]
[Round "3"]
[White "Burmakin, Vladimir"]
[Black "Shaposhnikov, Evgeny"]
[Result "1/2-1/2"]
[WhiteElo "2504"]
[BlackElo "2557"]
[Annotator "TA"]
[PlyCount "152"]
[EventDate "2017.??.??"]
[EventType "swiss"]
[EventCountry "RUS"]
[SourceTitle "playchess.com"]
[Source "ChessBase"]
[SourceQuality "1"]

{[%evp 13,152,24,21,21,26,33,47,20,27,24,27,30,31,29,35,27,35,6,4,0,-8,0,-8,-39,-44,-35,-37,-59,0,0,0,0,12,30,79,79,79,79,79,78,99,35,109,5,62,62,62,56,60,18,16,6,55,54,68,64,83,82,128,112,146,147,168,168,160,168,226,161,160,104,246,136,138,0,229,93,101,0,122,114,237,231,231,231,231,231,231,231,231,231,231,231,237,227,241,45,45,51,66,66,66,66,66,66,66,0,66,65,65,65,66,12,21,21,25,65,63,64,101,94,94,21,22,22,60,22,21,31,22,22,30,30,30,37,208,160,161,0,0,0,0]} 1. d4 Nf6 2. Nf3 e6 3. c4 b6 4. g3 Bb4+ 5. Bd2 Bxd2+ 6. Qxd2 Ba6 7. b3 O-O 8. Bg2 {E15: Queen's Indian: 4 g3 sidelines, 4 g3 Ba6 and 4 g3 Bb7 early deviations} d5 9. O-O (9. cxd5 exd5 10. O-O c5 11. dxc5 bxc5 12. Rd1 Nc6 13. e3 Qe7 14. Nc3 Rfd8 15. Rac1 Rac8 16. Ne1 d4 17. exd4 cxd4 {0-1 (28) Burmakin,V (2612)-Shaposhnikov,E (2550) Voronezh 2010}) 9... c5 (9... c6 10. Rc1 Nbd7 11. a4 Rc8 12. Na3 Bb7 13. b4 c5 14. cxd5 Bxd5 15. dxc5 bxc5 16. b5 c4 17. Qb4 Bxf3 18. Bxf3 {1-0 (46) Inarkiev,E (2732)-Hou,Y (2658) Petropavlovsk Kamchatsky 2016}) 10. Ne5 {White is slightly better.} Nbd7 11. Nxd7 Qxd7 12. dxc5 bxc5 13. Nc3 {[%cal Rc4d5]} (13. Qa5 $5 {[%cal Ra5a6]} Bb7 14. Rd1 $11) 13... Rad8 14. cxd5 exd5 15. Rac1 $146 ({Predecessor:} 15. Na4 Rc8 {½-½ (48) Reinecke,R (2068)-Tacke,H (1849) GER email 2012}) 15... d4 16. Na4 {[#]} c4 $1 {[%cal Rc4c3][%mdl 512] aiming for ...c3.} 17. Nc5 (17. bxc4 Qxa4) 17... c3 18. Qc2 Qb5 19. Nxa6 Qxa6 20. Rfd1 {[%cal Bf1d1,Bd1d3,Bd3e3][%mdl 32]} Rd6 (20... h5 $15) 21. Bf3 Rc8 22. Rd3 Nd7 {Hoping for ...Ne5.} 23. Bg4 Rd8 {And now ...Ne5 would win.} 24. Bxd7 $1 R6xd7 25. e3 dxe3 26. Rxe3 Rd2 {[#]} 27. Qxc3 (27. Rce1 $1 $16 {[%mdl 512] Re8+ would kill now.} Qc8 28. Qxc3) 27... Qxa2 {[#]} (27... Rxa2 $14 28. Re7 Rf8) 28. Rce1 (28. Qc8 $3 $16 {[%mdl 512] White wants to mate with Re8+.} Kf8 (28... Rxc8 29. Rxc8+) 29. Qc5+ Kg8 30. Qb5) 28... Rd1 (28... h6 $1 $11 29. Re8+ Rxe8 30. Rxe8+ Kh7) 29. Rxd1 $1 $14 Rxd1+ {[%mdl 4096] Endgame KQR-KQR} 30. Kg2 {[%cal Re3e8]} Rd8 31. Qd4 {[%cal Rd4d8]} (31. Qc4 {looks sharper.} Rf8 32. Re7 a5 33. Re5 Qa1 34. Rb5) 31... Rf8 32. Qd5 Qa6 33. Re7 g6 34. b4 Qa4 35. Rb7 $36 {[%mdl 2048] White is in control.} h5 36. h4 Qa1 37. b5 Qa5 {intending ...a6.} 38. Qc4 Qa3 39. Rd7 Qa1 (39... Kh7 $142 40. Rc7 (40. Rxf7+ Rxf7 41. Qxf7+ Kh6 $16) 40... Kg8) 40. Rd6 Qb1 41. Qd5 ({White should try} 41. Ra6) 41... Kg7 {[#]} (41... Re8 $16) 42. Rd7 (42. Qe5+ $1 $18 f6 43. Rd7+ Rf7 44. Qe8 Rxd7 45. Qxd7+ Kh6 46. Qd8 (46. Qxa7 Qxb5 47. Qa8 g5 $11)) 42... Qa1 $16 43. Qc4 (43. Rc7 $16) 43... Kg8 $18 44. Re7 (44. Qc5 $18 {has better winning chances.}) 44... Qa5 $16 45. Rb7 Qa3 46. Rc7 Qa1 (46... Kh7 $16 {keeps fighting.} 47. Qd5 (47. Rxf7+ Rxf7 48. Qxf7+ Kh6 $16) 47... Qa4) 47. Qc5 $18 Ra8 48. Qd5 Rf8 {[#]} 49. Rc6 $1 {[%cal Rc6g6]} Qb1 50. Ra6 Re8 51. Rxa7 Qe4+ 52. Qxe4 Rxe4 {KR-KR} 53. b6 Rb4 54. b7 $2 (54. Rb7 $18) 54... Kg7 $14 55. Kf3 Kf6 56. Ke3 Ke5 57. Kd3 Kd5 58. Kc3 (58. b8=R $5 Rxb8 59. Rxf7 $16) 58... Rb1 59. Kd3 ({White should play} 59. Kc2 $14 Rb6 60. f3) 59... Rb3+ (59... Rb4 $1 $11) 60. Ke2 Rb2+ 61. Kf3 Ke5 62. Kg2 (62. b8=Q+ $14 Rxb8 63. Rxf7) 62... f6 63. Kf3 Rb3+ 64. Ke2 Ke4 65. Kd2 Kd4 66. Kc2 Rb6 67. f3 (67. Ra6 $16 Rxb7 68. Rxf6) 67... Rc6+ 68. Kd2 Rb6 69. g4 Rb2+ 70. Kc1 Rb6 71. Kc2 Rc6+ 72. Kd2 Rb6 73. Ra4+ Kd5 $2 (73... Ke5 $14) 74. gxh5 gxh5 75. Ra6 $2 (75. Ra5+ $18 Kd4 76. Ra4+ (76. Rxh5 Rxb7 77. Ke2 Rb2+ 78. Kf1 Kd3 $16) 76... Ke5 77. Ra5+ Kf4 78. Ra7 (78. Rxh5 Rxb7 79. Ra5 Kxf3 $11)) 75... Rxb7 $11 76. Rxf6 Ke5 {Precision: White = 56%, Black = 53%.} 1/2-1/2